[Event "TUR-ch U13-U18"]
[Site "Antalya"]
[Date "2020.01.24"]
[Round "10"]
[White "Kocyigit, Abdul Aziz"]
[Black "Karaca, Alperen Bilal"]
[Result "0-1"]
[WhiteElo "1028"]
[BlackElo "1317"]
[PlyCount "126"]
[EventDate "2020.01.19"]
[EventType "swiss"]
[EventRounds "11"]
[EventCountry "TUR"]
[SourceTitle "CBM 195 Extra"]
[Source "ChessBase"]
[SourceDate "2020.05.31"]
[SourceVersion "1"]
[SourceVersionDate "2020.05.31"]
[SourceQuality "1"]

1. e4 c5 2. c3 d5 3. exd5 Qxd5 4. d4 Nf6 5. Nf3 Bg4 6. Be2 e6 7. h3 Bh5 8. 0-0 Nc6 9. Be3 cxd4 10. cxd4 Be7 11. Nc3 Qd7 12. Qb3 0-0 13. Rfd1 Rfd8 14. Ne5 Qc8 15. Rac1 Bxe2 16. Nxe2 Nd5 17. Nxc6 bxc6 18. Qc4 Qb7 19. Rd3 Qxb2 20. Rb3 Qxa2 21. Nc3 Nxe3 22. fxe3 Qd2 23. Ne4 Qa2 24. Rcc3 Rdc8 25. Rb7 Qxc4 26. Rxc4 Bf8 27. Ra4 a5 28. Nd2 c5 29. Nc4 Ra6 30. Rb5 cxd4 31. exd4 Rca8 32. Rbxa5 Rxa5 33. Rxa5 Rd8 34. Ne3 Rxd4 35. g4 g6 36. Ra2 Rd3 37. Re2 Bc5 38. Kf2 Bxe3+ 39. Rxe3 Rxe3 40. Kxe3 Kg7 41. h4 Kf6 42. Ke4 h6 43. Kd4 h5 44. gxh5 gxh5 45. Ke4 e5 46. Kf3 Kf5 47. Ke3 Kg4 48. Ke4 f6 49. Ke3 Kxh4 50. Kf3 f5 51. Kg2 e4 52. Kh1 Kg3 53. Kg1 e3 54. Kf1 h4 55. Ke2 f4 56. Kd3 h3 57. Kc4 h2 58. Kc5 h1Q 59. Kd6 e2 60. Ke5 e1Q+ 61. Kf5 Qd5+ 62. Kf6 Qee6+ 63. Kg7 Qdd7+ 0-1